The De/Growth Debate

Hnutie degrowth v posledných rokoch silnie, no spolu s hnutím sa posilňuje aj jeho kritika. Cieľom tohto textu je predstaviť diskusiu o deraste a prispieť k nej reakciou na hlavnú kritiku rastu. Ide teda o diskusný príspevok. Tento príspevok ponúka diskusiu medzi zástancami a odporcami degrowth v zá...

Full description

Saved in:
Bibliographic Details
Main Author: Profant, Tomáš Imrich, 1983-
Format: Book Chapter
Language:Czech
Subjects:
Tags: Add Tag
No Tags, Be the first to tag this record!

MARC

LEADER 00000naa$a2200000$$$4500
001 0289491
005 20240502083928.4
041 0 |a cze 
044 |a CZ 
245 1 0 |a The De/Growth Debate  |c Tomáš Imrich Profant 
520 |a Hnutie degrowth v posledných rokoch silnie, no spolu s hnutím sa posilňuje aj jeho kritika. Cieľom tohto textu je predstaviť diskusiu o deraste a prispieť k nej reakciou na hlavnú kritiku rastu. Ide teda o diskusný príspevok. Tento príspevok ponúka diskusiu medzi zástancami a odporcami degrowth v základných bodoch: Je možné oddeliť rast od zvyšovania emisií uhlíka a spotreby materiálu? Znamená prechod na degrowth ekonomiku nutne pokles životnej úrovne? Môže upustenie od rastu koexistovať s kapitalizmom alebo ide proti jeho základom? Záver textu ponúka odpoveď na otázku, kde je práve derast. 
610 2 0 |a produkt domáci hrubý 
610 2 0 |a blahobyt 
610 2 0 |a úroveň životná 
610 2 0 |a emisie 
100 1 |a Profant, Tomáš Imrich, 1983-